Impact of Citizen Journalism in Facebook towards Credibility of Online News Stories. (Record no. 80783)
[ view plain ]
| 000 -LEADER | |
|---|---|
| fixed length control field | 02187nam a22002417a 4500 |
| 003 - CONTROL NUMBER IDENTIFIER | |
| control field | URS |
| 005 - DATE AND TIME OF LATEST TRANSACTION | |
| control field | 20251013151005.0 |
| 008 - FIXED-LENGTH DATA ELEMENTS--GENERAL INFORMATION | |
| fixed length control field | 240917b |||||||| |||| 00| 0 eng d |
| 040 ## - CATALOGING SOURCE | |
| Transcribing agency | URS |
| 050 ## - LIBRARY OF CONGRESS CALL NUMBER | |
| Classification number | BJ00010 |
| 100 ## - MAIN ENTRY--PERSONAL NAME | |
| Relator code | author |
| Personal name | Timbreza, Mark Angelo T. |
| 245 ## - TITLE STATEMENT | |
| Title | Impact of Citizen Journalism in Facebook towards Credibility of Online News Stories. |
| 260 ## - PUBLICATION, DISTRIBUTION, ETC. | |
| Date of publication, distribution, etc. | 2024, |
| Place of publication, distribution, etc. | Angono, Rizal |
| 300 ## - PHYSICAL DESCRIPTION | |
| Extent | xv, 93 p. ; 30 cm. |
| 520 ## - SUMMARY, ETC. | |
| Summary, etc. | The main objective of this study is to determine the impact of citizen journalism in Facebook towards the credibility of online news stories. The research study utilized qualitative method research. Descriptive design is used to describe phenomenon and experience by the respondents. The study was focused on selected participants, first-year AB Journalism students of University of Rizal System Angono. Data obtained by conducting survey and in-depth interviews through Google Meet platform and analyze participants’ engagement in news content and its direct impact to them by Citizen Journalist. Purposive random sampling techniques were used in selecting the respondents to the study. There were 10 chosen participants, male and female, who were interviewed. From the answers provided by the selected participants, the researchers were able to interpret their answers from the interview questions. The researchers used coding and thematic analysis and came up with five themes for the study. That includes: Feeding wrong information, Misleading information, Decrease of news credibility, Lack of sources, and Online news stories is at risk. The study revealed the challenges of news content and information produced by citizen journalists that pose a lack of expertise which came from unverified sources that affect participants’ news consumption. |
| 700 ## - ADDED ENTRY--PERSONAL NAME | |
| Relator code | author |
| Personal name | Narido, Aice C. |
| 700 ## - ADDED ENTRY--PERSONAL NAME | |
| Relator code | author |
| Personal name | Belandria, Genalyn P. |
| 700 ## - ADDED ENTRY--PERSONAL NAME | |
| Relator code | author |
| Personal name | Conel, Jinkey |
| 700 ## - ADDED ENTRY--PERSONAL NAME | |
| Relator code | author |
| Personal name | Lebrella, Seanne Kenneth P. |
| 856 ## - ELECTRONIC LOCATION AND ACCESS | |
| Materials specified | Online Request for Student Unpublished Works |
| Uniform Resource Identifier | <a href="https://forms.gle/7LqvGGkaDrUQqz429">https://forms.gle/7LqvGGkaDrUQqz429</a> |
| 856 ## - ELECTRONIC LOCATION AND ACCESS | |
| Uniform Resource Identifier | <a href="https://drive.google.com/file/d/1A_HL5Qu9HK4C8fJt9H-3Q7rYkHZgh5vN/view?usp=sharing">https://drive.google.com/file/d/1A_HL5Qu9HK4C8fJt9H-3Q7rYkHZgh5vN/view?usp=sharing</a> |
| 942 ## - ADDED ENTRY ELEMENTS (KOHA) | |
| Source of classification or shelving scheme | Library of Congress Classification |
| Koha item type | Theses and dissertations |
| Withdrawn status | Source of classification or shelving scheme | Damaged status | Not for loan | Home library | Current library | Date acquired | Total Checkouts | Full call number | Barcode | Date last seen | Price effective from | Koha item type |
|---|---|---|---|---|---|---|---|---|---|---|---|---|
| Library of Congress Classification | Angono College Library | Angono College Library | 09/17/2024 | BJ00010 | BJ00010 | 09/17/2024 | 09/17/2024 | Theses and dissertations |